000 00986nam a22002897a 4500
001 BR9102498
003 BR-BrBNA
005 20230928093617.0
007 ta
008 230509b bl.||||| |||| 00| 0 por d
040 _aBR-BrBNA
_bpor
_cBiblioteca Nacional de Agricultura
041 _a(Por)
072 _aF02
_b0940
090 _ 0940 BR9102498
100 1 _aPassos, I.R. da S.
110 1 _aEscola Superior de Agricultura Luiz de Queiroz, Piracicaba, SP (Brasil)
_0Tese (Mestre em Agronomia)
245 1 _aDesenvolvimento de metodologia para a obtencao de embriogenese somatica em videira
246 1 _aDevelopment of methodology for obtaining somatic embryogenesis on grapevine
260 3 _aPiracicaba, SP (Brasil):
_c1991.
300 _a213 p.
500 _a13 illus.; 40 tables; Bibliography p. 174-184 (72 ref.); Summaries (Eng, Por)
650 _aUVA
650 _aBROTACAO
650 _aEMBRIAO VEGETAL
909 _a202309
_bLucia
_c55
_dLucia Elande
942 _cBK
999 _c45996
_d45996